• 首页
  • 本馆介绍
  • 公告通知
  • 最新文献
  • 馆藏检索
  • 电子资源
  • 读者导购
  • 参考咨询
  • 我的图书馆
  • 登录
  • 详细信息显示
  • 放入我的书架
  • 预约/预借图书
  • 作者相关作品
  • 分类相关作品
  • 丛书相关作品
  • 出版社相关作品

书目信息

  • 表格格式
  • 工作单格式
  • 卡片格式
题名:
教育管理的理论与实践
    
 
作者: 恩量克沃 , Nwankw 著 ;史景文 , 张耀源 译
分册:  
出版信息: 北京   教育科学出版社  1987
页数: 116页
开本: 19cm
丛书名:
单 册:
中图分类: G46 , G40
科图分类:
主题词: 教育管理学
电子资源:
ISBN: 7-5041-0002-1
000 00823nam0 2200277 45
001 0187001750
005 20040429090121.8
010    @a7-5041-0002-1@dCNY1.10
100    @a19900830d1987 emky0chiy0121 ea
101 1  @achi@ceng
102    @aCN@b110000
105    @ay z 000yy
106    @ar
200 10 @a教育管理的理论与实践@Ajiao yu guan li de li lun yu shi jian@f(尼日利亚)恩量克沃(Nwankw,J.I.)著@g史景文, 张耀源译
210    @a北京@c教育科学出版社@d1987
215    @a116页@d19cm
606    @a教育管理学
690    @aG46@v3
690    @aG40
701  1 @a恩量克沃@Aen liang ke wo@bJ.I.@4著
701 A1 @aNwankw@bJ.I.@4著
702  0 @a史景文@Ashi jing wen@4译
702  0 @a张耀源@Azhang yao yuan@4译
801  0 @aCN@b深圳图书馆@c20040429
801  2 @aCN@bNLC@c20040429
905    @f2@b209623-624@dG40@e113
    
    教育管理的理论与实践/(尼日利亚)恩量克沃(Nwankw,J.I.)著/史景文, 张耀源译.-北京:教育科学出版社,1987
    116页;19cm
    
    
    ISBN 7-5041-0002-1:CNY1.10
    
●
相关链接 在E读中查询图书 在五车中查询图书 在当当中查询图书 在豆瓣中查询图书


正题名:教育管理的理论与实践     索取号:G40/113         预约/预借

序号 登录号 条形码 馆藏地/架位号 状态 备注
1 0209623   000266517   密集书库/ [索取号:G40/113] 在馆    
2 0209624   001492398   第四借阅区/ [索取号:G40/113] 在馆    
3 0209625   000266722   第一样本阅览室/ [索取号:G40/113] 在馆    
唐山师范学院图书馆 欢迎您!
大连网信软件有限公司© 版权所有